000 nam a22 7a 4500
999 _c28878
_d28877
003 OSt
005 20170530034316.0
008 170530b xxu||||| |||| 00| 0 eng d
040 _aMMU
_beng
_cMMU
_dMMU
050 _aE 175.9 .H37 1955
100 _aHartz Louis
245 _aThe Liberal Tradition in America:
_bAn Interpretation of American Political Thought Since the Revolution/
_cLouis Hartz.
260 _aNew York:
_bA Harvest Book Harcourt, Brace & world inc.
_c1955.
300 _aix, 329 p.:
500 _aIncludes index
650 _aAmerica - Tradition
942 _2lcc
_cLOAN LOAN